Jóvenes para un nuevo mundo: texto del alumno

Furkejuvvon:
Bibliográfalaš dieđut
Váldodahkki: Navarrete Urzúa, Rodrigo (autor)
Materiálatiipa: Girji
Giella:espánnjágiella
Almmustuhtton: Santiago Tiberiádes 2000
Ráidu:Educación de la fe
Fáttát:
Fáddágilkorat: Lasit fáddágilkoriid
Eai fáddágilkorat, Lasit vuosttaš fáddágilkora!

MARC

LEADER 00000nam a2200000 a 4500
001 UCH5282
003 CL-VaPUC
008 091014e20000000CL |||||||||||||||||spa|d
020 |a 9567488746 
082 0 4 |a 248.4  |b NAV  |2 21 
100 |a Navarrete Urzúa, Rodrigo  |e autor  |9 541567 
245 1 0 |a Jóvenes para un nuevo mundo: texto del alumno 
300 |a 141 p 
942 |c BK 
945 |d 20091014 00:00:00  |a ccalabra 
260 |a Santiago  |b Tiberiádes  |c 2000 
500 |a Tercer año de enseñanza media 
650 0 |a Cristianismo  |9 257361 
650 0 |a Iglesia Católica  |9 256114 
650 0 |a Catolicismo  |9 258690 
650 0 |a Vida cristiana  |9 258753 
650 0 |a Enseñanza  |9 256457 
650 7 |a CONSEJERIA  |2 CL-VaPUC  |9 335737 
650 7 |a DOCTRINA CRISTIANA  |2 CL-VaPUC  |9 339115 
583 |a last modification  |c 20091014 00:00:00  |k Rodrigo Vera 
490 0 |a Educación de la fe 
999 |c 336451  |d 336449